| 000 | 00000nas 2200000za 4500 |
| 001 | 9.811234 |
| 003 | CaOODSP |
| 005 | 20221107141037 |
| 007 | cr ||||||||||| |
| 008 | 160215c20159999onczn m o f0 b0fre|d |
| 022 | |y0821-8129|y1701-5421 |
| 040 | |aCaOODSP|bfre |
| 043 | |an-cn--- |
| 086 | 1 |aFA1-23F-PDF |
| 110 | 1 |aCanada. |bBureau du vérificateur général. |
| 245 | 10|aRapports du vérificateur général du Canada |h[ressource électronique]. |
| 260 | |a[Ottawa] : |bBureau du vérificateur général du Canada, |c[2015]- |
| 310 | |a2 à 3 fois par année |
| 362 | 0 |aPrintemps 2015- |
| 500 | |aPubl. aussi en anglais sous le titre : Reports of the Auditor General of Canada. |
| 520 | 3 |aPrésente les résultats des vérifications effectuées cette année par la vérificatrice générale afin de fournir information, assurance et avis objectifs au Parlement, au gouvernement et aux Canadiens. |
| 692 | 07|2gccst|aVérification |
| 775 | 08|tReports of the Auditor General of Canada |w(CaOODSP)9.811230 |
| 776 | 0#|tRapports du vérificateur général du Canada.|w(CaOODSP)9.834185 |
| 776 | 0#|tRapports du vérificateur général du Canada |w(CaOODSP)9.834219 |
| 780 | 00|tRapport de la vérificatrice générale du Canada à la Chambre des communes |w(CaOODSP)9.502618 |
| 785 | 00|tRapports du vérificateur général du Canada au Parlement du Canada |w(CaOODSP)9.846693 |